000 00211 a2200097 4500
001 8262
090 _c6645
_d6645
100 _aTolstoy, F
245 _aKieutzue Sonate The Devil (Transfered to SOA)
260 _bTolstoy, F
942 _aNUST-CAE
999 _c243335
_d243335